00543 2200205 4500001002100000005001500021035002000036007000300056008004100059020002200100082001100122084001700133100002300150245003800173250001100211260004500222300003200267650002900299990000900328INLIS00000000000148720180208110216 a0010-0218000082ta180208 g 0 ind  a978-979-3381-60-2 a297.01 a297.01 ABD t0 aABDUL Basith Wahab1 aTapak Sabda /cAbdul Basith Wahab acet. 4 aYogyakarta :bPustaka Sastra Lkis,c2004 aXl: 562 hlm ;c13 x 20,5 cm aPESANTREN FILSAFAT ISLAM a5769